000 00373pab a2200169 454500
008 180718b2012 xxu||||| |||| 00| 0 eng d
100 _aShyam Chand
245 _aCan democracy survive capitalism?
260 _c2012
300 _ap.6,10.
362 _a12 May
650 _aDemocracy
650 _aCapitalism
773 _aMainstream
908 _aN
909 _a95663
999 _c95663
_d95663